Laboratory Manual on Concrete Technology / (Record no. 15148)
[ view plain ]
| 000 -LEADER | |
|---|---|
| fixed length control field | 00552nam a22001697a 4500 |
| 008 - FIXED-LENGTH DATA ELEMENTS--GENERAL INFORMATION | |
| fixed length control field | 110420r20032010ii|||||r|||| 000 0 eng d |
| 020 ## - INTERNATIONAL STANDARD BOOK NUMBER | |
| International Standard Book Number | 8123909411 |
| 082 ## - DEWEY DECIMAL CLASSIFICATION NUMBER | |
| Edition number | 22 |
| Classification number | 620.136 |
| Item number | SOO |
| 100 ## - MAIN ENTRY--PERSONAL NAME | |
| 9 (RLIN) | 23216 |
| Personal name | Sood, Hemant |
| 245 ## - TITLE STATEMENT | |
| Title | Laboratory Manual on Concrete Technology / |
| Statement of responsibility, etc | Hemant Sood, L. N. Mittal & P. D. Kulkarni |
| 260 ## - PUBLICATION, DISTRIBUTION, ETC. (IMPRINT) | |
| Place of publication, distribution, etc | New Delhi : |
| Name of publisher, distributor, etc | CBS, 2003 |
| Date of publication, distribution, etc | 2003 |
| 300 ## - PHYSICAL DESCRIPTION | |
| Extent | 148 p. : |
| Other physical details | ill. ; |
| Dimensions | 23 cm. |
| 504 ## - BIBLIOGRAPHY, ETC. NOTE | |
| Bibliography, etc | Includes bibliographical references (p. p. 147-148) |
| 653 ## - INDEX TERM--UNCONTROLLED | |
| Resource For college | |
| -- | |
| Arrived date list | April2011 |
| 650 ## - SUBJECT ADDED ENTRY--TOPICAL TERM | |
| 9 (RLIN) | 5362 |
| Topical term or geographic name as entry element | Concrete |
| 942 ## - ADDED ENTRY ELEMENTS (KOHA) | |
| Source of classification or shelving scheme | Dewey Decimal Classification |
| Item type | Book - Borrowing |
| Withdrawn status | Item status | Source of classification or shelving scheme | Damaged status | Not for loan | Vendor | Home library | Current library | Shelving location | Date acquired | Source of acquisition | Cost, normal purchase price | Serial Enumeration / chronology | Total Checkouts | Full call number | Barcode | Date last seen | Koha item type |
|---|---|---|---|---|---|---|---|---|---|---|---|---|---|---|---|---|---|
| Dewey Decimal Classification | Arab Oasis | Central Library | Central Library | First floor | 20/04/2011 | 28.00 | 72 | 620.136 SOO | 000023308 | 15/07/2025 | Book - Borrowing |